| 000 | 01119nac a2200349 i 4500 | ||
|---|---|---|---|
| 003 | EG-ScBUE | ||
| 005 | 20240327094756.0 | ||
| 008 | 150818r19961992enka f b 001 0 eng d | ||
| 020 | _a0714109657 | ||
| 020 | _a9780714109657 | ||
| 040 |
_aEG-ScBUE _beng _erda _cEG-ScBUE _dEG-ScBUE |
||
| 043 | _af-ua--- | ||
| 082 | 0 | 4 |
_a932 _bBRI _222 |
| 100 | _a | ||
| 245 | 0 | 4 |
_aThe British Museum book of ancient Egypt / _cedited by Stephen Quirke, Jeffrey Spencer. |
| 250 | _aFourth printing. | ||
| 264 | 1 |
_aLondon : _bBritish Museum Press, _c1996. |
|
| 300 |
_a240 pages : _billustrations (some color) ; _c25 cm |
||
| 336 |
_2rdacontent _atext _btxt |
||
| 337 |
_aunmediated _2rdamedia _bn |
||
| 338 |
_avolume _bnc _2rdacarrier |
||
| 504 | _aIncludes bibliographical references and index. | ||
| 590 | _adoha Reviewed by : Wessam | ||
| 650 | 7 |
_aAntiquities. _2BUEsh |
|
| 651 | 7 |
_aEgypt _xCivilization _y332 B.C.-638 A.D. _2BUEsh |
|
| 651 | 7 |
_aArt, Egyptian. _2BUEsh |
|
| 653 | _bGGEN | ||
| 655 | _vReading book | ||
| 700 | 1 |
_aQuirke, Stephen. _eeditor. |
|
| 700 | 1 |
_aSpencer, Jeffrey. _eeditor. |
|
| 942 |
_2ddc _cBB |
||
| 999 |
_c9001 _d9001 |
||